000 00535nam a2200169 i 4500
001 114010
003 ES-MaACL
005 20230906190045.0
007 t|
008 061121s1912 xxu r ||||1| eng d
100 1 _aPaine, Albert Bigelow.
_988326
245 1 0 _aMark Twain a Biography the personal and literary life of Samuel Langhorne Clemens /
_cby Albert Bigelow Paine.
260 _aNew York :
_bHarper & Brothers,
_c1912.
300 _a3 v. :
_bil ;
_c24 cm.
600 1 4 _aTwain, Mark.
_9111791
852 _aES-MaACL
_jC-14082-4
999 _c114010
_d114010